Reproductive Versatility in the Grasses : (Record no. 585208)

MARC details
000 -LEADER
fixed length control field 00529nam a2200193 a 4500
008 - FIXED-LENGTH DATA ELEMENTS--GENERAL INFORMATION
fixed length control field 250903s1990##################000#0#eng##
020 ## - INTERNATIONAL STANDARD BOOK NUMBER
ISBN 9780521380607
082 04 - DEWEY DECIMAL CLASSIFICATION NUMBER
Classification number 584.90416
Item number CHA
100 1# - MAIN ENTRY--AUTHOR NAME
Personal name Chapman, Geoffrey Peter,
245 10 - TITLE STATEMENT
Title Reproductive Versatility in the Grasses :
260 ## - PUBLICATION, DISTRIBUTION, ETC. (IMPRINT)
Name of publisher Cambridge University Press,
Year of publication 1990.
300 ## - PHYSICAL DESCRIPTION
Number of Pages 318 pages
650 #0 - SUBJECT ADDED ENTRY--TOPICAL TERM
Topical Term Nature.
942 ## - ADDED ENTRY ELEMENTS (KOHA)
Koha item type English Books
Holdings
Withdrawn status Lost status Damaged status Not for loan Home library Current library Shelving location Date acquired Full call number Accession Number Price effective from Koha item type
        Anna Centenary Library Anna Centenary Library 5TH FLOOR, B WING 03.09.2025 584.90416 CHA 283321 03.09.2025 English Books

Find us on the map